000 00640nam a2200253Ia 4500
003 OSt
005 20221007075705.0
006 a|||||r|||| 00| 0
007 ta
008 221006b |||||||| |||| 00| 0 eng d
020 _cRs. 880/-
024 _a9,692
037 _cTextual
040 _aFLL
_cFLL
_beng
041 _2eng
_aeng
082 _aZ2,981, N6
100 _aMajumdar P.K.
245 0 _aGuide to the deeds
250 _a2nd
260 _aNew Delhi
_bOrient Publishing Company India
_c1996
300 _acxii,1840p
_ccm.
942 _hZ2,981, N6
_cTEXL
_2CC
999 _c1157024
_d1157024